00240nam a2200085Ia 4500008004100000245004200041260004500083260000900128999001700137170620s9999 xx 000 0 und d 0aEducation and Personality Development bNew Delhi- A.P.H. Publishing corporation c2003 c24331d24331